000 00620nam a2200181Ia 4500
008 090630s9999 xx 000 0 und d
082 _b3336
100 _aभट रविंद्र.
245 _aसागरा प्राण तळमळला.
_cभट रविंद्र.
260 _bसंजय.
_c1903
300 _a420
600 _aभट रविंद्र.
630 _aसागरा प्राण तळमळला.
655 _aकादंबरी.
700 _aभट रविंद्र.
730 _aसागरा प्राण तळमळला.
942 _cBOOK
999 _c255192
_d255192